书目信息 |
| 书名: | The Dord,the Diglot and an Avocado or Two | |
| 作者: | ANU GARG. | |
| 分册号: | ||
| 分册名: | 出版地: | U.S.A. : |
|
| 出版社: | A PLUME BOOK | |
| 出版时间: | 2010. | |
| 页数: | 180P ; | |
| 开本: | 20cm. | |
| 丛书名: | ||
| 中图分类号: | ||
| 科图分类号: | ||
| 其他分类号: | C912.8 | |
| 主题词: | ||
| 电子资源: | ||
| 000 | 006050010 2200217 450 | |
| 005 | 20121225085430.09 | |
| 008 | 20021229d1997 em y0chiy0121 ea | |
| 020 | @a978-0-452-28861-4 :@c$13.00. | |
| 041 | @achi | |
| 091 | @aI712.45 | |
| 099 | @aI712.45@b1@dC912.8@eA636 | |
| 099 | @dC912.8@eA636 | |
| 100 | @aANU GARG | |
| 245 | 10 | @aThe Dord,the Diglot and an Avocado or Two / @cANU GARG. |
| 260 | @aU.S.A. :@bA PLUME BOOK,@c2010. | |
| 300 | @a180P ;@c20cm. | |
| 521 | @aThe Dord,the Diglot and an Avocado or Two | |
| 650 | 0 | @a社会结构 |
| 650 | 0 | @a社会关系 |
| 905 | @b11072 | |
| 905 | @aTSG@dC912.8@eA636 | |
| The Dord,the Diglot and an Avocado or Two / / ANU GARG.-U.S.A. : : A PLUME BOOK, , 2010. |
| 180P ; ; 20cm. |
| The Dord,the Diglot and an Avocado or Two |
| ISBN 978-0-452-28861-4 :$13.00. |
| ● |
| 相关链接 |
|
|
|
正题名:The Dord,the Diglot and an Avocado or Tw
索取号:C912.8/A636
 
预约/预借
| 序号 | 登录号 | 条形码 | 馆藏地/架位号 | 状态 | 备注 |
| 1 | 11072 | 300110724 | 社科库509/509社科库 130排2列6层/ [索取号:/A636] | 在馆 |